000 01079nam0a22002291 4500
001 rc\481500
005 20260407141724.0
035 _a(NLR Aleph) 005724312
090 _a7512177
_c7512177
100 _a20030616d1987 |||y0rusy50 ca
101 0 _arus
102 _aRU
105 _ay |||||||||
200 1 _aМетодика определения соотношений численности штатного и привлеченного персонала гидроэлектростанций
_eМТ 34-70-031-86
_e[Утв. Гл. науч.-техн. упр. энергетики и электрификации СССР 25.11.86
_eСрок действия с 01.07.87 до 01.07.92]
210 _aМ.
_cСПО Союзтехэнерго
_d1987
215 _a15, [1] с.
_d20
712 0 1 _aСССР
_bГлавное научно-техническое управление энергетики и электрификации
_3RU\NLR\AUTH\8810010400
_9518477
801 0 _aRU
_bNLR
_gpsbo
801 1 _aRU
_bELAR
_2rusmarc
852 _aNLR
_j87-4/9800
942 _cBOOK
980 _aNB